| 000 -ლიდერი |
| ფიქსირებული სიგრძის საკონტროლო ველი |
01293nam a22002297a 4500 |
| 003 - საკონტროლო ნომრის იდენტიფიკატორი |
| საკონტროლო ველი |
Ge_BSU |
| 005 - ბოლო ოპერაციის თარიღი და დრო |
| საკონტროლო ველი |
20230508163435.0 |
| 008 - ფიქსირებული სიგრძის მონაცემთა ელემენტები - ზოგადი ინფორმაცია |
| ფიქსირებული სიგრძის საკონტროლო ველი |
230508s2009 ge ||||| |||| 00| 0 geo d |
| 020 ## - წიგნის საერთაშორისო სტანდარტული ნომერი |
| International Standard Book Number |
9789941012730 |
| 041 ## - ენის კოდი |
| Language code of text/sound track or separate title |
geo |
| 080 ## - უნივერსალური ათობითი კლასიფიკაციის ინდექსი |
| Universal Decimal Classification number |
737(479.22) + 94(575.171) ფ-34 |
| 100 ## - მთავარი ჩანაწერი - პიროვნების სახელი |
| Personal name |
ფაცია, დავით |
| 9 (RLIN) |
18033 |
| 245 ## - ცნობა სათაურის შესახებ |
| Title |
ჯალალ ად-დინ მანკბურნის ქართული მონეტები = The georgian coins of Jalal Ad-Din Mankburni / |
| Statement of responsibility, etc |
დავით ფაცია, ირაკლი ფაღავა ; [მთ. რედ. ვაჟა ოთარაშვილი, სამეცნ. რედ. მაია პატარიძე]. |
| 264 ## - წარმოების, გამოცემის, დისტრიბუციის და სხვა ცნობები |
| გამოცემის, წარმოების, დისტრიბუციის... ადგილი |
თბილისი : |
| გამოცემის, წარმოების, დისტრიბუციის... სახელწოდება |
"ეროვნული მწერლობის" გამ-ბა, |
| გამოცემის, წარმოების, დისტრიბუციის... თარიღი |
2009. |
| 300 ## - ფიზიკური აღწერა |
| Extent |
76გვ. : |
| Other physical details |
ილ. ; |
| Dimensions |
20სმ. |
| 500 ## - ზოგადი შენიშვნა |
| General note |
თავფურ., ტექსტი და გარეკანი ქართ. და ინგლ. ენ. |
| 501 ## - შენიშვნა თანმხლებ მასალაზე |
| With note |
შენიშვნ. და გვ. 60-61. |
| 504 ## - BIBLIOGRAPHY, ETC. NOTE |
| Bibliography, etc |
ბიბლიოგრ. ტექსტ. |
| 653 ## - INDEX TERM--UNCONTROLLED |
| Uncontrolled term |
ქართული მონეტები |
| 700 ## - ADDED ENTRY--PERSONAL NAME |
| Personal name |
ფაღავა, ირაკლი |
| Relator term |
ავტორი |
| 9 (RLIN) |
18034 |
| 942 ## - ADDED ENTRY ELEMENTS (KOHA) |
| Source of classification or shelving scheme |
|
| Koha item type |
წიგნი |